| 000 | 01065cam a2200301 4500 | ||
|---|---|---|---|
| 001 | J116377 | ||
| 008 | 000000n2002 000 0 eng u | ||
| 035 | _a(Sirsi) u116377 | ||
| 041 | _aeng | ||
| 050 | _a711.552 | ||
| 100 | _aWood, T. | ||
| 110 |
_aFPDSavills _93625 |
||
| 245 | 4 | _aThe definitive guide to retail & leisure parks: shopping meets leisure 2002 | |
| 260 |
_aHigh Wycombe _bTW Research Associates _c2002 |
||
| 300 |
_avii,206p. _c31cm |
||
| 350 | _a245.00 | ||
| 520 | _aProvides detailed information on all retail parks, leisure parks, and major retail warehouse or leisure schemes in the UK. Includes a regional analysis, rankings, and listings of proposed schemes. NOT FOR LOAN. For Executive Summary see: J11693 | ||
| 650 | _aRETAILING | ||
| 650 | _aSHOPPING | ||
| 650 | _aLEISURE PARKS | ||
| 650 | _aRETAIL PARKS | ||
| 650 | _aOUT OF TOWN DEVELOPMENT | ||
| 650 | _aRETAIL WAREHOUSES | ||
| 650 | _aRANKINGS | ||
| 690 | _aPROPERTY-COMMERCIAL PROPERTY-RETAIL PROPERTY | ||
| 710 |
_aT W Research Associates _93658 |
||
| 942 | _n0 | ||
| 999 |
_c101849 _d101849 |
||